000
00261nam a2200097Ia 4500
008
120527s9999 xx 000 0 und d
100
_a
JONES, Ellis.J
245
_a
Criteria affecting Agricultural machinery rehabilitation schemes
260
_b
O D A
942
_c
BK
999
_c
25130
_d
25130